Řízení stavebních projektů claimový management

Saved in:
Bibliographic Details
Main Author: Oleríny, Milan
Format: Book
Language:Czech
Published: Praha C.H. BECK 2005
Series:C.H. Beck pro praxi
Subjects:
Tags: Add Tag
No Tags, Be the first to tag this record!

MARC

LEADER 00000nam$a2200000$$$4500
001 0027301
005 20240313133505.5
020 |a 80-7179-888-6 
041 0 |a cze 
044 |a CZ 
245 1 0 |a Řízení stavebních projektů  |b claimový management  |c Milan Oleríny 
264 1 |a Praha  |b C.H. BECK  |c 2005 
300 |a x, 204 s. 
490 1 |a C.H. Beck pro praxi 
830 0 |a C.H. Beck pro praxi 
610 2 0 |a projekty stavebné 
610 2 0 |a riadenie 
610 2 0 |a príprava stavieb 
610 2 0 |a realizácia výstavby 
610 2 0 |a plánovanie 
610 2 0 |a riadenie projektové 
610 2 0 |a zmluvy 
610 2 0 |a právo 
100 1 |a Oleríny, Milan